Plats avec du Gingembre - Mort Subite - Statistiques

Statistiques générales
  • Ce quiz a été pris 33 fois
  • Le résultat moyen est 3 sur 16
Answers on the Grid
Answers color-coded by a green-red scale on the quiz's grid according to % correct below.
Poulet teriyaki
Sushi
Ginger beef
Poulet général Tao
Dosa et adrak ki chutney
Ginataang tilapia
Betutu
Phở / Soupe tonkinoise
Porc Dongpo
Bulgogi
Kelewele
Poulet jerk
Akoho misy sakamalao
Peanut drops
Bonhomme de pain d'épices
Yorkshire parkin
Sakuramochi
Brownie
Cacahuètes japonaises
Hummus
Pâté chinois
Salade parisienne
Pepperoni pizza de New York
Club sandwich
Cacio e pepe
Salade Waldorf
Pad kaprow / Pad kaprao
Tom yum
 
Statistiques - réponses
Réponse % Correct
Ginger beef
62%
Sushi
41%
Poulet teriyaki
38%
Phở / Soupe tonkinoise
28%
Ginataang tilapia
24%
Bonhomme de pain d'épices
17%
Poulet général Tao
17%
Akoho misy sakamalao
14%
Bulgogi
10%
Porc Dongpo
10%
Kelewele
7%
Poulet jerk
7%
Yorkshire parkin
7%
Dosa et adrak ki chutney
3%
Betutu
0%
Peanut drops
0%
Aucun quiz correspondant
Distribution des résultats
% des personnes avec chaque résultat
Percentile par nombre de réponses
Votre historique - résultats
Vous n’avez pas pris ce quiz